Statistics for Top Real Madrid Goalscorers

Click here to take the quiz!

General Stats

  • This quiz has been taken 77 times
  • The average score is 6 of 10

Answer Stats

No. of goalsPlayer% Correct
460Cristiano Ronaldo
100%
323Karim Benzema
97%
323Raul
93%
308Alfredo Di Stefano
83%
242Ferenc Puskas
71%
208Hugo Sanchez
55%
182Francisco Gento
43%
171Emilio Butragueno
42%
172Pirri
29%
290Santillana
29%

Score Distribution

Percentile by Number Answered

Percent of People with Each Score

Your Score History

You have not taken this quiz